=LDR 00000nam 2200000 4500 =001 INLIS000000000039109 =005 20130612144748 =008 ***********************************ind** =035 ##$$a0010-061300000039109 =041 ##$$a ind =082 ##$$a 813 =090 ##$$a 813, Bro w =100 ##$$a Bronte, Emily =245 ##$$a Wuthering Heights =650 ##$$a Fiksi =850 ##$$a NBPNMAT =990 ##$$a 94244/BPAP-NTB/2014